<?xml version="1.0" encoding="UTF-8"?>
<record
    xmlns:xsi="http://www.w3.org/2001/XMLSchema-instance"
    xsi:schemaLocation="http://www.loc.gov/MARC21/slim http://www.loc.gov/standards/marcxml/schema/MARC21slim.xsd"
    xmlns="http://www.loc.gov/MARC21/slim">

  <leader>01057nab a2200277 uc4500</leader>
  <controlfield tag="001">723730</controlfield>
  <controlfield tag="005">20240831092718.0</controlfield>
  <controlfield tag="008">020305e20010701                    spa  </controlfield>
  <datafield tag="035" ind1=" " ind2=" ">
    <subfield code="a">723730</subfield>
  </datafield>
  <datafield tag="035" ind1=" " ind2=" ">
    <subfield code="a">(OCoLC)819934613</subfield>
  </datafield>
  <datafield tag="040" ind1=" " ind2=" ">
    <subfield code="c">comduadb</subfield>
  </datafield>
  <datafield tag="041" ind1=" " ind2=" ">
    <subfield code="a">spa</subfield>
  </datafield>
  <datafield tag="100" ind1="1" ind2="0">
    <subfield code="a">Camacho Diaz, Amparo</subfield>
    <subfield code="4">aut</subfield>
    <subfield code="e">aut</subfield>
    <subfield code="9">351960</subfield>
  </datafield>
  <datafield tag="245" ind1="1" ind2="0">
    <subfield code="a">Caracterizacion de la informatica educativa en las instituciones oficiales de basica y media de la region Caribe colombiana</subfield>
  </datafield>
  <datafield tag="650" ind1=" " ind2=" ">
    <subfield code="a">Tecnolog&#xED;a inform&#xE1;tica</subfield>
    <subfield code="9">39477</subfield>
  </datafield>
  <datafield tag="650" ind1=" " ind2="0">
    <subfield code="a">Tecnolog&#xED;as de la informaci&#xF3;n y de la comunicaci&#xF3;n</subfield>
    <subfield code="9">200985</subfield>
  </datafield>
  <datafield tag="650" ind1=" " ind2=" ">
    <subfield code="a">Proyecto educativo institucional (PEI)</subfield>
    <subfield code="9">118059</subfield>
  </datafield>
  <datafield tag="650" ind1=" " ind2="7">
    <subfield code="a">Educaci&#xF3;n</subfield>
    <subfield code="2">embne</subfield>
    <subfield code="9">4652</subfield>
  </datafield>
  <datafield tag="650" ind1=" " ind2="7">
    <subfield code="a">Pedagog&#xED;a</subfield>
    <subfield code="2">lemb</subfield>
    <subfield code="9">1626</subfield>
  </datafield>
  <datafield tag="650" ind1=" " ind2=" ">
    <subfield code="a">Pr&#xE1;ctica docente</subfield>
    <subfield code="9">72293</subfield>
  </datafield>
  <datafield tag="650" ind1=" " ind2="0">
    <subfield code="a">Proceso ense&#xF1;anza-aprendizaje</subfield>
    <subfield code="9">24864</subfield>
  </datafield>
  <datafield tag="650" ind1=" " ind2=" ">
    <subfield code="a">Pedagog&#xED;a - Innovaciones</subfield>
    <subfield code="9">2687</subfield>
  </datafield>
  <datafield tag="650" ind1=" " ind2="7">
    <subfield code="a">Procesos cognitivos</subfield>
    <subfield code="2">embne</subfield>
    <subfield code="9">111016</subfield>
  </datafield>
  <datafield tag="773" ind1="0" ind2=" ">
    <subfield code="t">Ingenier&#xED;a y Desarrollo (Barranquilla)</subfield>
    <subfield code="g">No. 10, Jul.-Dic. 2001, p. 105-119</subfield>
    <subfield code="w">578380</subfield>
    <subfield code="x">0122-3461</subfield>
    <subfield code="0">143969</subfield>
  </datafield>
  <datafield tag="942" ind1=" " ind2=" ">
    <subfield code="c">ARIMP</subfield>
  </datafield>
  <datafield tag="999" ind1=" " ind2=" ">
    <subfield code="c">237719</subfield>
    <subfield code="d">237719</subfield>
  </datafield>
</record>
